Termes et expressions qui contiennent le mot nuit - Statistiques

Statistiques générales
  • Ce quiz a été pris 24 fois
  • Le résultat moyen est 10 sur 28
Statistiques - réponses
Description Terme/Expression % Correct
Autre nom pour une discothèque Boîte de nuit
100%
Personne chargée de surveiller un endroit la nuit(musée, parking...) Gardien/Veilleur de nuit
71%
Expression qui veut qu'attendre le lendemainpermet de prendre une sage décision La nuit porte conseil
71%
Caractérise une nuit où on a pas dormi Nuit blanche
71%
Vêtement pour dormir Chemise/Robe de nuit
67%
Nuit très sombre Nuit noire/d'encre
67%
Petit meuble souvent placé à côté du lit Table de nuit
67%
Epoque très reculée qui remonte à très longtemps La nuit des temps
57%
Un des plus célèbres tableaux peints par Van Gogh La Nuit étoilée
57%
La nuit juste après le mariage Nuit de noces
52%
Chanson culte de la variété française, interprétéepar Début de soirée Nuit de folie
43%
Moment de la journée qui correspond au crépuscule A la tombée de la nuit
38%
Expression contenant également un animal, quisignifie que tout se ressemble la nuit La nuit, tous les chats sont gris
38%
Accessoire pour dormir Bonnet de nuit
33%
Film de George A.Romero, pionnier des filmsde morts-vivants La Nuit des morts-vivants
33%
"Expression" qui signifie que deux personnessont totalement opposées Etre comme le jour et la nuit
29%
Une des chansons du dessin animé Aladdin Nuits d'Arabie
24%
Oeuvre la plus célèbre de Louis-Ferdinand Céline Voyage au bout de la nuit
24%
Pièce de théâtre écrite par Shakespeare Le Songe d'une nuit d'été
19%
Type de nuit qui ne se produit qu'une fois par mois Nuit de pleine lune
19%
Une des chansons du dessin animé La Belle et le Clochard Belle nuit
14%
Nuits entre le 29 juin et 2 juillet 1934, pendantlesquelles les chefs SA ont été assassinés Nuit des longs couteaux
14%
Chanson de Noel popularisée entre autres parFrank Sinatra Douce nuit, sainte nuit
10%
Ce dont tous les parents rêvent pour leurenfant Faire ses nuits
10%
Procédé de cinéma qui permet de tourner une scènede nuit en pleine journée Nuit américaine
10%
Période de l'histoire de Game of Thrones, durantlaquelle la nuit est tombée pendant toute une génération, et durant laquelle les Marcheurs Blancs apparurent Longue Nuit
5%
Ne pas réussir à dormir Ne pas fermer l'oeil de la nuit
0%
Initiative européenne qui rend les musées gratuitspendant une nuit Nuit européenne des musées
0%
Aucun quiz correspondant
Distribution des résultats
% des personnes avec chaque résultat
Percentile par nombre de réponses
Votre historique - résultats
Vous n’avez pas pris ce quiz